| 000 | 00425nam a2200181Ia 4500 | ||
|---|---|---|---|
| 001 | 10732 | ||
| 005 | 20260306161854.0 | ||
| 008 | 260306t1987||||xx |||||||||||||| ||spa|| | ||
| 041 | _aESP | ||
| 082 |
_a946.357 _bA25 |
||
| 100 |
_aBarrio Gozalo, Maximiliano _eAUT |
||
| 245 | 0 | _aHistoria de Segovia | |
| 260 | _c1987 | ||
| 300 |
_a313 páginas : _c28 cm. |
||
| 650 | _aGEN | ||
| 654 | _aCHU | ||
| 942 |
_cLIB _dJUS _fJUS _2ddc _n |
||
| 999 |
_c10732 _d10732 |
||